| 000 | 00461nam a2200169 i 4500 | ||
|---|---|---|---|
| 001 | 31339 | ||
| 003 | ES-MaACL | ||
| 005 | 20251015063047.0 | ||
| 007 | t| | ||
| 008 | 030129s1917 fr ||||1| fre d | ||
| 100 | 1 |
_aBenda, Julien, _d1867-1956 _927470 |
|
| 245 | 1 | 4 |
_aLes sentiments de Critias / _cJulien Benda. |
| 260 |
_aParis : _bEmile Paul Frères, _c1917. |
||
| 300 |
_a282 p. ; _c19 cm. |
||
| 852 |
_aES-MaACL _jG-4364 |
||
| 999 |
_c31339 _d31339 |
||